Mark Twain

Guardat en:
Dades bibliogràfiques
Autor principal: Bigelow Paine, Albert
Format: Llibre
Idioma:Undetermined
Publicat: México, Distrito Federal Letras S.A 1958
Matèries:
Etiquetes: Afegir etiqueta
Sense etiquetes, Sigues el primer a etiquetar aquest registre!

MARC

LEADER 00000nam a2200000Ia 4500
008 170316s9999 xx 000 0 und d
999 |c 5436  |d 5436 
040 |a cru BVZT 
090 |a 810 B-13m 
100 |a Bigelow Paine, Albert 
245 |a Mark Twain  |c / Albert Bigelow Paine 
260 |a México, Distrito Federal  |b Letras S.A  |c 1958 
300 |a 190 páginas 
650 |a LITERATURA ESTADOUNIDENSE  |9 25 
942 |c 15 D  |h 810 B-13m  |2 z